Marketing Strategy. (Record no. 350270)

000 -LEADER
fixed length control field 00554nam a22002177a 4500
003 - CONTROL NUMBER IDENTIFIER
control field OSt
005 - DATE AND TIME OF LATEST TRANSACTION
control field 20180116183011.0
008 - FIXED-LENGTH DATA ELEMENTS--GENERAL INFORMATION
fixed length control field 150907b xxu||||| |||| 00| 0 eng d
020 ## - INTERNATIONAL STANDARD BOOK NUMBER
International Standard Book Number 9780071014847
022 ## - INTERNATIONAL STANDARD SERIAL NUMBER
International Standard Serial Number 9780071014847
040 ## - CATALOGING SOURCE
Transcribing agency 0
050 ## - LIBRARY OF CONGRESS CALL NUMBER
Classification number 658.802
082 ## - DEWEY DECIMAL CLASSIFICATION NUMBER
Classification number 658.802
100 ## - MAIN ENTRY--PERSONAL NAME
Personal name Walker,Orville C.
245 ## - TITLE STATEMENT
Title Marketing Strategy.
Remainder of title A Decision Focused Approach.
Statement of responsibility, etc. Orville C.Walker,Jr.
300 ## - PHYSICAL DESCRIPTION
Extent 439p.
500 ## - GENERAL NOTE
General note Paper Cover
600 ## - SUBJECT ADDED ENTRY--PERSONAL NAME
Personal name Walker,Orville C.
700 ## - ADDED ENTRY--PERSONAL NAME
Personal name Walker,Orville C.
942 ## - ADDED ENTRY ELEMENTS (KOHA)
Source of classification or shelving scheme
Koha item type Book
Call number prefix 658.802
Holdings
Withdrawn status Lost status Source of classification or shelving scheme Damaged status Not for loan Collection code Permanent Location Current Location Shelving location Date acquired Total Checkouts Full call number Barcode Date last seen Price effective from Koha item type
            Central Library (CL) Central Library (CL) General Stacks 09/07/2015   658.802 WAL NBS9418 09/07/2015 09/07/2015 Book
© 2023 Central Library, National University of Sciences and Technology. All Rights Reserved.